| 000 | 00624nam a22002297a 4500 | ||
|---|---|---|---|
| 999 |
_c12541 _d12541 |
||
| 003 | OSt | ||
| 005 | 20240202144822.0 | ||
| 008 | 240202b ||||| |||| 00| 0 eng d | ||
| 020 | _a978-81-967682-9-4 | ||
| 040 | _aBMSCA | ||
| 041 | _aeng | ||
| 100 | _aMamatha P. Raj | ||
| 245 | _a“Pratibimbh”: Architectural Thesis Projects of Batch 2018-22 | ||
| 260 |
_aBengaluru _bThe Director, BMS College of Architecture _c2023 |
||
| 700 | _aDakshayini R Patil, | ||
| 700 | _aLeena Thombre | ||
| 700 | _aKetki Tendolkar, | ||
| 700 | _aHima CS | ||
| 700 | _aRoopa Chikkalgi | ||
| 700 | _a Sakshi Reddy | ||
| 942 | _2ddc | ||